000 00390pab a2200145 454500
008 180718b2015 xxu||||| |||| 00| 0 eng d
100 _aSahu, Bhaiurabi Prasad
245 _aFrom regional histories to histories of the regions and beyond
260 _c2015
300 _ap.33-47.
362 _aMar-Apr
650 _aRegional development
773 _aSocial Scientist
909 _a107991
999 _c107986
_d107986